Méthodes mathématiques pour les sciences physiques
সংরক্ষণ করুন:
| প্রধান লেখক: | , |
|---|---|
| বিন্যাস: | গ্রন্থ |
| ভাষা: | ফরাসি |
| প্রকাশিত: |
París
Hermann
1998
|
| মালা: | Collection Enseignement des Sciences, 3
|
| বিষয়গুলি: | |
| ট্যাগগুলো: |
ট্যাগ যুক্ত করুন
কোনো ট্যাগ নেই, প্রথমজন হিসাবে ট্যাগ করুন!
|
MARC
| LEADER | 00000nam a2200000 a 4500 | ||
|---|---|---|---|
| 001 | UCL2952 | ||
| 003 | CL-VaPUC | ||
| 008 | 031107e19980000FR |||||||||||||||||fre|d | ||
| 020 | |a 2705652132 | ||
| 082 | 0 | 4 | |a 530.15 |b SCH |2 21 |
| 100 | 0 | |a Schwartz, Laurent |e author |9 480170 | |
| 700 | 0 | |a Huet, Denise |e author |9 480171 | |
| 245 | 1 | 0 | |a Méthodes mathématiques pour les sciences physiques |
| 300 | |a 391 p | ||
| 942 | |c BK | ||
| 945 | |d 20031107 00:00:00 |a cmena | ||
| 260 | |a París |b Hermann |c 1998 | ||
| 650 | 0 | |a Física |9 227844 | |
| 650 | 0 | |a Matemática aplicada |9 260236 | |
| 650 | 0 | |a Cálculo integral |9 260103 | |
| 650 | 7 | |a TEORIA DE DISTRIBUCION |2 CL-VaPUC |9 422486 | |
| 650 | 0 | |a Transformaciones de Laplace |9 260072 | |
| 650 | 0 | |a Funciones |9 263869 | |
| 583 | |a last modification |c 20031107 00:00:00 |k Rodrigo Vera | ||
| 490 | 0 | |a Collection Enseignement des Sciences, 3 | |
| 999 | |c 306115 |d 306113 | ||
| 952 | |0 0 |1 0 |4 0 |6 530_150000000000000_SCH_1998 |7 0 |8 A |9 370869 |a BIBMAT |b BIBMAT |d 2019-11-21 |i 3958191 |o 530.15 SCH 1998 |p 3958191 |r 2025-01-07 |w 2019-11-21 |y BK |k MAT | ||